000
00312nam a2200133Ia 4500
008
260604s9999 xx 000 0 und d
020
_a
9780367902728
082
_a
330 STY
100
_a
STYHRE
_9
35465
245
0
_a
THE FINANCIALIZED ECONOMY
260
_b
ROUTLEDGE
500
_a
Economy, Financial
942
_c
BK
999
_c
8285
_d
8285